00826cam a2200253 4500001000800000005001700008008004100025010001700066020001500083040001800098041000800116043002100124080001200145082001500157100000700172101000800179245014500187350001100332504004100343906004500384942001200429999001700441952011400458127430520180202045126.0710528s1971 kyu b 001 0 eng  a 75132824  a0813112354 aDLCcDLCdDLC aeng aa-io---an-us--- a630.71 00a630.71 BEE1 a19 aSHP13aAn American experience in Indonesia: the University of Kentucky affiliation with the Agricultural University at Bogorc[by] Howard W. Beers. a$12.50 aIncludes bibliographical references. a7bcbccorignewd2encipf19gy-gencatlg 2ddccBK c41616d41616 00102udc40708PËKGa002b002cPËKGd2018-02-02l0o630.71 BEEp002-2997601r2018-02-02w2018-02-02yBK